| 000 | 00460nam a2200157Ia 4500 | ||
|---|---|---|---|
| 999 |
_c19492 _d19492 |
||
| 003 | OSt | ||
| 005 | 20200702094630.0 | ||
| 008 | 190216s9999||||xx |||||||||||||| ||und|| | ||
| 040 | _coclc | ||
| 082 |
_a915.403 _bLAN/S |
||
| 100 |
_aLannoy, Richard _93427 |
||
| 245 | 4 |
_aThe Speaking Tree / _cRichard Lannoy |
|
| 260 |
_bOxford University Press, _c1991. _aNew Delhi: |
||
| 300 | _a466p | ||
| 942 |
_cBK _2ddc _h915.403 _iLAN/S _k915.403 _mLAN/S |
||